000 01862nam a22002177a 4500
005 20250910152038.0
010 _aB-777853-857 B-756928-932 Hin-18.10.23
020 _a9788195574803
_c740.00
035 _aB-756928-932
035 _aB-777853-857
037 _bसंस्कृति, शिक्षा और राजभाषा संस्थान
082 _a420
100 _aगौड़, वैद प्रकाश
_984988
245 1 0 _aराजभाषा दिग्दर्शन /
_cवैद प्रकाश गौड़
260 _aदिल्ली
_bसंस्कृति, शिक्षा और राजभाषा संस्थान .
_c2022
270 _a610 नेहरु एन्क्लेव , स्कुल ब्लाक, शकरपुर -
_bदिल्ली
_e110092
300 _a200पृ. .
_c23सेमी (सजिल्द )
942 _2ddc
_cHN
_mगौड़वे
_h420
999 _c199613
_d199613